000 00768nas a2200253 4500
001 BR2010000133
003 BR-BrBNA
005 20231205113813.0
007 ta
008 230509b bl.|||p| |||| 00| 00por d
040 _aBR-BrBNA
_bpor
_cBiblioteca Nacional de Agricultura
041 _a(Pt)
072 _aF06
100 1 _aResende, G.M. de
100 1 _aCordeiro, G.G.
245 1 _aProdutividade da cenoura em função da qualidade da água e condicionador de solo no Vale do São Francisco
650 _aCENOURA
650 _aIRRIGAÇÃO
650 _aSALINIDADE
650 _aRENDIMENTO
773 0 _tCaatinga (Brazil)
_xISSN 0100-316X
_g(2007), v. 20(1) p. 106-110
_wBR2010000133
909 _a202311
_bLúcia
_c55
_dLúcia Elande
942 _2AGRIS
_n0
_cANA
999 _c205706
_d205706